[Event "ureki2015"]
[Site "?"]
[Date "2015.10.07"]
[Round "3.8"]
[White "Chkhaidze, Nikoloz"]
[Black "Sivuk, Vitaly"]
[Result "0-1"]
[LiveChessVersion "1.3.1"]
[BlackElo "2490"]
[WhiteElo "2323"]

1. Nf3 {[%clk 1:30:57]} Nf6 {[%clk 1:30:40]} 2. c4 {[%clk 1:31:24]} e6
{[%clk 1:30:57]} 3. g3 {[%clk 1:31:41]} d5 {[%clk 1:31:13]} 4. Bg2
{[%clk 1:32:06]} d4 {[%clk 1:31:25]} 5. b4 {[%clk 1:18:44]} Bxb4 {[%clk 1:30:41]}
6. Qa4+ {[%clk 1:14:26]} Nc6 {[%clk 1:30:35]} 7. Ne5 {[%clk 1:13:14]} Rb8
{[%clk 1:30:52]} 8. Nxc6 {[%clk 1:06:34]} bxc6 {[%clk 1:31:08]} 9. Qxa7
{[%clk 1:01:47]} Rb6 {[%clk 1:31:12]} 10. Qa4 {[%clk 1:01:12]} O-O
{[%clk 1:30:50]} 11. a3 {[%clk 0:55:58]} Be7 {[%clk 1:11:54]} 12. d3
{[%clk 0:55:14]} e5 {[%clk 1:09:17]} 13. O-O {[%clk 0:52:49]} Bb7
{[%clk 1:05:02]} 14. Bg5 {[%clk 0:48:15]} Nd7 {[%clk 1:01:45]} 15. Bxe7
{[%clk 0:48:02]} Qxe7 {[%clk 1:02:08]} 16. Qc2 {[%clk 0:47:03]} c5
{[%clk 1:02:12]} 17. Bxb7 {[%clk 0:46:13]} Rxb7 {[%clk 1:02:40]} 18. Nd2
{[%clk 0:46:16]} Rb6 {[%clk 1:02:28]} 19. Rfb1 {[%clk 0:42:13]} f5
{[%clk 1:00:47]} 20. Rb5 {[%clk 0:38:24]} h5 {[%clk 0:57:50]} 21. a4
{[%clk 0:34:57]} h4 {[%clk 0:54:48]} 22. a5 {[%clk 0:34:22]} Ra6 {[%clk 0:53:35]}
23. Rb7 {[%clk 0:31:43]} Nf6 {[%clk 0:52:56]} 24. Qb1 {[%clk 0:27:39]} hxg3
{[%clk 0:45:51]} 25. hxg3 {[%clk 0:22:26]} e4 {[%clk 0:44:00]} 26. Qb5
{[%clk 0:14:28]} Raa8 {[%clk 0:32:40]} 27. Qc6 {[%clk 0:13:12]} e3
{[%clk 0:32:24]} 28. Nb3 {[%clk 0:06:58]} exf2+ {[%clk 0:32:22]} 29. Kf1
{[%clk 0:06:58]} Rae8 {[%clk 0:31:40]} 30. Ra2 {[%clk 0:05:34]} Nh5
{[%clk 0:29:48]} 31. Qg6 {[%clk 0:03:09]} Nf6 {[%clk 0:25:51]} 32. a6
{[%clk 0:03:33]} Ng4 {[%clk 0:21:57]} 33. a7 {[%clk 0:03:58]} Qe3
{[%clk 0:21:09]} 0-1

[Event "ureki2015"]
[Site "?"]
[Date "2015.10.07"]
[Round "3.9"]
[White "Popov, Valerij"]
[Black "Chkhikvishvili, Mindia"]
[Result "1-0"]
[LiveChessVersion "1.3.1"]
[BlackElo "2057"]
[WhiteElo "2525"]

1. Nf3 {[%clk 1:30:56]} d5 {[%clk 1:30:34]} 2. c4 {[%clk 1:31:11]} c6
{[%clk 1:30:35]} 3. e3 {[%clk 1:31:15]} Nf6 {[%clk 1:30:42]} 4. Nc3
{[%clk 1:31:35]} e6 {[%clk 1:29:26]} 5. b3 {[%clk 1:30:41]} Nbd7 {[%clk 1:29:16]}
6. Qc2 {[%clk 1:29:36]} Bd6 {[%clk 1:25:25]} 7. Bb2 {[%clk 1:29:43]} O-O
{[%clk 1:25:15]} 8. Be2 {[%clk 1:28:19]} Re8 {[%clk 1:16:55]} 9. O-O
{[%clk 1:26:46]} Nf8 {[%clk 1:06:19]} 10. d4 {[%clk 1:26:09]} Ng6
{[%clk 1:05:38]} 11. Rfd1 {[%clk 1:24:45]} b6 {[%clk 1:00:30]} 12. Rac1
{[%clk 1:15:50]} Bb7 {[%clk 0:59:16]} 13. Bd3 {[%clk 1:14:00]} Rc8
{[%clk 0:55:15]} 14. Qe2 {[%clk 1:12:43]} Qe7 {[%clk 0:51:10]} 15. h3
{[%clk 1:09:32]} Red8 {[%clk 0:48:28]} 16. Rc2 {[%clk 1:03:54]} Bb8
{[%clk 0:44:01]} 17. cxd5 {[%clk 0:55:38]} Nxd5 {[%clk 0:32:36]} 18. Ne4
{[%clk 0:38:37]} f5 {[%clk 0:28:39]} 19. Ned2 {[%clk 0:38:25]} b5
{[%clk 0:24:10]} 20. a3 {[%clk 0:34:16]} Bd6 {[%clk 0:21:44]} 21. b4
{[%clk 0:28:49]} a5 {[%clk 0:19:57]} 22. bxa5 {[%clk 0:29:12]} Bxa3
{[%clk 0:19:59]} 23. Ra1 {[%clk 0:28:54]} Bxb2 {[%clk 0:19:50]} 24. Rxb2
{[%clk 0:29:22]} Nc3 {[%clk 0:16:36]} 25. Qf1 {[%clk 0:25:06]} Ra8
{[%clk 0:10:14]} 26. Rc2 {[%clk 0:09:53]} Na4 {[%clk 0:09:51]} 27. Bxb5
{[%clk 0:08:48]} cxb5 {[%clk 0:09:35]} 28. Qxb5 {[%clk 0:09:17]} Rd5
{[%clk 0:08:47]} 29. Qxa4 {[%clk 0:09:42]} Rdxa5 {[%clk 0:08:24]} 30. Qxa5
{[%clk 0:09:54]} Rxa5 31. Rxa5 {[%clk 0:10:17]} Bd5 {[%clk 0:08:25]} 32. Rc8+
{[%clk 0:10:26]} Kf7 {[%clk 0:08:09]} 33. Rac5 {[%clk 0:10:51]} Kf6
{[%clk 0:08:17]} 34. R8c7 {[%clk 0:09:48]} Qe8 {[%clk 0:08:23]} 35. g4
{[%clk 0:09:35]} Ne7 {[%clk 0:03:16]} 36. Ra5 {[%clk 0:10:00]} Bxf3
{[%clk 0:02:53]} 37. Nxf3 {[%clk 0:10:24]} Nd5 {[%clk 0:02:39]} 38. Rb7
{[%clk 0:10:07]} fxg4 {[%clk 0:01:57]} 39. hxg4 {[%clk 0:10:24]} h5
{[%clk 0:01:24]} 40. Ne5 {[%clk 0:40:04]} Qc8 {[%clk 0:31:19]} 41. Rf7+
{[%clk 0:39:37]} Kg5 {[%clk 0:31:40]} 42. Rxg7+ {[%clk 0:39:36]} Kh4
{[%clk 0:31:08]} 43. Rh7 {[%clk 0:32:09]} Qc1+ {[%clk 0:26:21]} 44. Kh2
{[%clk 0:32:25]} Nf6 {[%clk 0:25:51]} 45. Kg2 {[%clk 0:32:19]} Qc8 46. Kg1 1-0

[Event "ureki2015"]
[Site "?"]
[Date "2015.10.07"]
[Round "3.10"]
[White "Shamatava, Ana"]
[Black "Lomineishvili, Maia"]
[Result "0-1"]
[LiveChessVersion "1.3.1"]
[BlackElo "2369"]
[WhiteElo "2054"]

1. e4 {[%clk 1:30:56]} c5 {[%clk 1:30:42]} 2. Ne2 {[%clk 1:31:12]} d6
{[%clk 1:30:03]} 3. g3 {[%clk 1:31:36]} Nc6 {[%clk 1:30:14]} 4. Bg2
{[%clk 1:32:00]} g6 {[%clk 1:30:16]} 5. c3 {[%clk 1:32:10]} Bg7 {[%clk 1:30:27]}
6. O-O {[%clk 1:31:50]} e5 {[%clk 1:26:15]} 7. d3 {[%clk 1:32:05]} Nge7
{[%clk 1:26:29]} 8. a3 {[%clk 1:31:10]} a5 {[%clk 1:21:37]} 9. a4
{[%clk 1:31:28]} O-O {[%clk 1:21:32]} 10. Na3 {[%clk 1:26:41]} Bg4
{[%clk 1:21:02]} 11. h3 {[%clk 1:24:32]} Be6 {[%clk 1:20:58]} 12. Be3
{[%clk 1:21:47]} b6 {[%clk 1:12:56]} 13. d4 {[%clk 1:16:41]} exd4
{[%clk 1:06:24]} 14. cxd4 {[%clk 1:17:02]} d5 {[%clk 1:06:20]} 15. Nb5
{[%clk 1:05:35]} dxe4 {[%clk 1:00:15]} 16. dxc5 {[%clk 1:05:56]} bxc5
{[%clk 0:53:58]} 17. Bxc5 {[%clk 1:00:29]} Bxb2 {[%clk 0:42:15]} 18. Rb1
{[%clk 0:56:17]} Be5 {[%clk 0:42:18]} 19. Qc2 {[%clk 0:45:44]} Qd3
{[%clk 0:22:09]} 20. Qxd3 {[%clk 0:43:30]} exd3 {[%clk 0:22:34]} 21. Nf4
{[%clk 0:42:13]} Bxf4 {[%clk 0:19:22]} 22. gxf4 {[%clk 0:41:06]} Bd5
{[%clk 0:19:38]} 23. Bxd5 {[%clk 0:39:17]} Nxd5 {[%clk 0:20:03]} 24. Bxf8
{[%clk 0:39:40]} Rxf8 {[%clk 0:18:55]} 25. Kg2 {[%clk 0:27:28]} Nxf4+
{[%clk 0:18:29]} 26. Kf3 {[%clk 0:27:42]} Nd5 {[%clk 0:16:13]} 27. Rbc1
{[%clk 0:25:43]} Ndb4 {[%clk 0:14:45]} 28. Rfd1 {[%clk 0:21:09]} Rd8
{[%clk 0:14:27]} 29. Rd2 {[%clk 0:21:15]} f5 {[%clk 0:13:51]} 30. Rc5
{[%clk 0:20:58]} Kf7 {[%clk 0:13:53]} 31. Kf4 {[%clk 0:19:44]} Kf6
{[%clk 0:13:14]} 32. h4 {[%clk 0:19:43]} h6 {[%clk 0:11:49]} 33. Kg3
{[%clk 0:16:52]} g5 {[%clk 0:11:27]} 34. hxg5+ {[%clk 0:17:17]} hxg5
{[%clk 0:11:47]} 35. f3 {[%clk 0:16:13]} f4+ {[%clk 0:10:08]} 36. Kg2
{[%clk 0:15:07]} Re8 {[%clk 0:08:06]} 37. Nc3 {[%clk 0:12:04]} Re5
{[%clk 0:07:46]} 38. Ne4+ {[%clk 0:11:07]} Kf5 {[%clk 0:08:04]} 39. Rc4
{[%clk 0:10:27]} Rd5 {[%clk 0:07:51]} 40. Nc3 {[%clk 0:40:13]} Re5
{[%clk 0:37:17]} 41. Ne4 {[%clk 0:39:04]} Ne7 {[%clk 0:28:46]} 42. Rc7
{[%clk 0:34:01]} Ned5 {[%clk 0:26:08]} 43. Rf7+ {[%clk 0:34:12]} Kg6
{[%clk 0:19:00]} 44. Rf8 {[%clk 0:32:01]} Kg7 {[%clk 0:14:34]} 45. Rd8
{[%clk 0:30:16]} g4 {[%clk 0:14:01]} 46. Nd6 {[%clk 0:27:29]} g3 {[%clk 0:13:27]}
0-1

[Event "ureki2015"]
[Site "?"]
[Date "2015.10.07"]
[Round "3.11"]
[White "Chigaev, Maksim"]
[Black "Ebralidze, Alexandre"]
[Result "1-0"]
[LiveChessVersion "1.3.1"]
[BlackElo "2163"]
[WhiteElo "2521"]

1. e4 {[%clk 1:30:55]} c5 {[%clk 1:30:51]} 2. Nf3 {[%clk 1:31:16]} g6
{[%clk 1:31:12]} 3. c4 {[%clk 1:30:18]} Bg7 {[%clk 1:30:57]} 4. d4
{[%clk 1:30:40]} cxd4 {[%clk 1:31:17]} 5. Nxd4 {[%clk 1:31:05]} Nc6
{[%clk 1:30:59]} 6. Be3 {[%clk 1:31:11]} Nf6 {[%clk 1:30:37]} 7. Nc3
{[%clk 1:31:34]} Ng4 {[%clk 1:29:27]} 8. Qxg4 {[%clk 1:31:46]} Nxd4
{[%clk 1:29:50]} 9. Qd1 {[%clk 1:32:09]} Ne6 {[%clk 1:30:18]} 10. Qd2
{[%clk 1:32:17]} d6 {[%clk 1:28:43]} 11. Be2 {[%clk 1:32:40]} O-O
{[%clk 1:28:46]} 12. O-O {[%clk 1:33:01]} Nc5 {[%clk 1:27:45]} 13. f3
{[%clk 1:33:04]} a5 {[%clk 1:27:59]} 14. b3 {[%clk 1:33:27]} Be6 {[%clk 1:20:08]}
15. Rac1 {[%clk 1:32:00]} Qb6 {[%clk 1:15:27]} 16. Rc2 {[%clk 1:29:41]} Rfc8
{[%clk 1:14:45]} 17. Rb1 {[%clk 1:29:50]} h5 {[%clk 1:09:02]} 18. Bf1
{[%clk 1:30:07]} Kh7 {[%clk 1:08:21]} 19. Qf2 {[%clk 1:26:46]} Qd8
{[%clk 1:03:23]} 20. Qd2 {[%clk 1:14:48]} Qf8 {[%clk 0:57:41]} 21. Nd5
{[%clk 1:14:15]} Bxd5 {[%clk 0:57:02]} 22. Qxd5 {[%clk 1:13:53]} Bh6
{[%clk 0:47:17]} 23. Bf2 {[%clk 1:14:12]} e6 {[%clk 0:39:28]} 24. Qd1
{[%clk 1:13:34]} Qd8 {[%clk 0:27:00]} 25. g3 {[%clk 1:13:07]} b6 {[%clk 0:22:45]}
26. Bg2 {[%clk 1:13:10]} e5 {[%clk 0:19:27]} 27. Qd5 {[%clk 1:13:15]} Qc7
{[%clk 0:18:15]} 28. Bh3 {[%clk 1:11:55]} Re8 {[%clk 0:15:53]} 29. a3
{[%clk 1:12:01]} a4 {[%clk 0:12:54]} 30. b4 {[%clk 1:12:24]} Nb3 {[%clk 0:08:57]}
31. Kg2 {[%clk 1:11:56]} Bg7 {[%clk 0:07:04]} 32. Rc3 {[%clk 1:11:17]} Red8
{[%clk 0:04:36]} 33. Rd3 {[%clk 1:05:41]} Bf6 {[%clk 0:02:21]} 34. Rf1
{[%clk 1:01:19]} Kg7 {[%clk 0:01:43]} 35. f4 {[%clk 1:01:10]} Nd4
{[%clk 0:00:47]} 36. Bxd4 {[%clk 0:59:35]} exd4 {[%clk 0:01:16]} 37. Kg1
{[%clk 0:58:35]} Re8 {[%clk 0:01:06]} 38. Rc1 {[%clk 0:58:10]} Qe7
{[%clk 0:00:56]} 39. Bg2 {[%clk 0:55:50]} Ra7 {[%clk 0:00:47]} 40. Qb5
{[%clk 1:24:24]} Qd8 {[%clk 0:30:37]} 41. Rcd1 {[%clk 1:22:59]} Ree7
{[%clk 0:21:50]} 42. Qd5 {[%clk 1:22:40]} Re8 {[%clk 0:15:33]} 43. Rxd4
{[%clk 1:19:35]} Bxd4+ {[%clk 0:15:50]} 44. Qxd4+ {[%clk 1:20:00]} Kg8
{[%clk 0:05:57]} 45. e5 {[%clk 1:20:09]} d5 {[%clk 0:03:42]} 46. cxd5
{[%clk 1:20:04]} Qd7 {[%clk 0:02:59]} 47. d6 {[%clk 1:20:07]} Rc8
{[%clk 0:02:49]} 48. Qxb6 {[%clk 1:18:31]} Rc2 {[%clk 0:01:26]} 49. Qd4
{[%clk 1:18:20]} h4 {[%clk 0:01:16]} 50. e6 {[%clk 1:16:32]} fxe6
{[%clk 0:00:47]} 51. Qe4 {[%clk 1:16:40]} Rac7 {[%clk 0:00:33]} 52. Qxg6+
{[%clk 1:16:55]} Kf8 {[%clk 0:00:44]} 53. Qf6+ {[%clk 1:16:05]} Kg8
{[%clk 0:00:35]} 54. Bh3 {[%clk 1:16:24]} Re2 {[%clk 0:00:46]} 55. Bg4
{[%clk 1:16:00]} Re3 {[%clk 0:00:35]} 56. dxc7 {[%clk 1:16:19]} 1-0

[Event "ureki2015"]
[Site "?"]
[Date "2015.10.07"]
[Round "3.12"]
[White "Khomeriki, Ketevan"]
[Black "Osmak, Iulija"]
[Result "0-1"]
[LiveChessVersion "1.3.1"]
[BlackElo "2347"]
[WhiteElo "1841"]

1. e4 {[%clk 1:30:56]} e6 {[%clk 1:30:57]} 2. d4 {[%clk 1:31:22]} d5
{[%clk 1:31:23]} 3. e5 {[%clk 1:31:47]} c5 {[%clk 1:31:49]} 4. Nf3
{[%clk 1:32:12]} Nc6 {[%clk 1:31:30]} 5. Bd3 {[%clk 1:32:39]} cxd4
{[%clk 1:30:11]} 6. O-O {[%clk 1:33:05]} Nge7 {[%clk 1:28:10]} 7. Re1
{[%clk 1:30:37]} Ng6 {[%clk 1:26:46]} 8. a3 {[%clk 1:18:57]} Qc7 {[%clk 1:21:41]}
9. Qe2 {[%clk 1:17:44]} Be7 {[%clk 1:20:28]} 10. b4 {[%clk 1:16:00]} a6
{[%clk 1:19:07]} 11. g3 {[%clk 1:13:34]} O-O {[%clk 1:14:00]} 12. h4
{[%clk 1:08:27]} f6 {[%clk 1:04:19]} 13. h5 {[%clk 1:02:47]} Ngxe5
{[%clk 1:03:30]} 14. Nxe5 {[%clk 0:56:11]} fxe5 {[%clk 1:01:48]} 15. Qg4
{[%clk 0:51:15]} e4 {[%clk 1:01:17]} 16. h6 {[%clk 0:46:54]} Bf6 {[%clk 1:00:22]}
17. hxg7 {[%clk 0:44:51]} Qxg7 {[%clk 1:00:27]} 18. Qxg7+ {[%clk 0:44:48]} Bxg7
{[%clk 1:00:52]} 19. Bf1 {[%clk 0:45:11]} d3 {[%clk 0:59:44]} 20. c3
{[%clk 0:45:28]} Ne5 {[%clk 0:59:32]} 21. Bg2 {[%clk 0:44:18]} Bd7
{[%clk 0:58:54]} 22. Be3 {[%clk 0:43:13]} Nc4 {[%clk 0:58:41]} 23. Ra2
{[%clk 0:36:38]} Ba4 {[%clk 0:58:40]} 24. Bh3 {[%clk 0:36:11]} Rfe8
{[%clk 0:58:22]} 25. Rc1 {[%clk 0:35:05]} Rac8 {[%clk 0:56:46]} 26. Bg4
{[%clk 0:30:15]} Bb3 {[%clk 0:56:07]} 27. Ra1 {[%clk 0:30:37]} Nxe3
{[%clk 0:52:54]} 28. fxe3 {[%clk 0:28:52]} Bc2 {[%clk 0:53:07]} 29. Ra2
{[%clk 0:27:11]} Bh6 {[%clk 0:51:44]} 30. Rcxc2 {[%clk 0:26:08]} dxc2
{[%clk 0:52:06]} 31. Rxc2 {[%clk 0:26:36]} Bxe3+ {[%clk 0:52:30]} 32. Kg2
{[%clk 0:26:43]} Rc6 {[%clk 0:52:01]} 33. Re2 {[%clk 0:25:04]} Bh6
{[%clk 0:51:55]} 34. a4 {[%clk 0:25:00]} Re7 {[%clk 0:51:52]} 35. Kh3
{[%clk 0:24:05]} Bg7 {[%clk 0:51:09]} 36. Re3 {[%clk 0:24:22]} Kf7
{[%clk 0:51:08]} 37. Bh5+ {[%clk 0:23:45]} Kf6 {[%clk 0:51:14]} 38. Kh4
{[%clk 0:22:01]} Rec7 {[%clk 0:51:10]} 39. Be8 {[%clk 0:20:31]} Rc4
{[%clk 0:51:36]} 40. b5 {[%clk 0:50:07]} Ke7 {[%clk 1:21:53]} 41. Bh5
{[%clk 0:49:01]} Rxa4 {[%clk 1:22:04]} 42. bxa6 {[%clk 0:48:47]} bxa6
{[%clk 1:22:25]} 43. Re2 {[%clk 0:47:00]} Ra1 {[%clk 1:22:40]} 44. Nd2
{[%clk 0:47:11]} Rh1+ {[%clk 1:22:51]} 45. Kg4 {[%clk 0:47:28]} Rxc3
{[%clk 1:23:11]} 46. Rf2 {[%clk 0:47:22]} Be5 {[%clk 1:23:34]} 47. Nf1
{[%clk 0:47:09]} Kd6 {[%clk 1:23:28]} 48. Be8 {[%clk 0:46:45]} Rg1
{[%clk 1:23:34]} 0-1

[Event "ureki2015"]
[Site "?"]
[Date "2015.10.07"]
[Round "3.13"]
[White "Mchedlishvili, Mikheil"]
[Black "Bakhtadze, Levan"]
[Result "1-0"]
[LiveChessVersion "1.3.1"]
[BlackElo "2072"]
[WhiteElo "2607"]

1. c4 {[%clk 1:30:47]} c5 {[%clk 1:30:43]} 2. Nf3 {[%clk 1:30:46]} Nc6
{[%clk 1:31:05]} 3. d4 {[%clk 1:28:55]} cxd4 {[%clk 1:31:00]} 4. Nxd4
{[%clk 1:29:17]} g6 {[%clk 1:31:16]} 5. e4 {[%clk 1:28:35]} Bg7 {[%clk 1:30:14]}
6. Nc2 {[%clk 1:26:38]} Nf6 {[%clk 1:28:31]} 7. Nc3 {[%clk 1:26:36]} O-O
{[%clk 1:28:35]} 8. Be2 {[%clk 1:25:41]} b6 {[%clk 1:27:59]} 9. O-O
{[%clk 1:25:21]} Bb7 {[%clk 1:26:43]} 10. Bg5 {[%clk 1:23:55]} Rc8
{[%clk 1:22:49]} 11. b3 {[%clk 1:21:21]} b5 {[%clk 1:08:25]} 12. cxb5
{[%clk 1:09:41]} Na5 {[%clk 1:06:43]} 13. e5 {[%clk 0:58:57]} Ne8
{[%clk 0:57:31]} 14. Na4 {[%clk 0:55:20]} Bxe5 {[%clk 0:55:29]} 15. Rc1
{[%clk 0:53:16]} Nd6 {[%clk 0:44:04]} 16. Ne3 {[%clk 0:48:44]} Rxc1
{[%clk 0:35:16]} 17. Qxc1 {[%clk 0:49:08]} Ba8 {[%clk 0:34:48]} 18. Rd1
{[%clk 0:31:26]} Ne4 {[%clk 0:20:19]} 19. Ng4 {[%clk 0:30:14]} Bg7
{[%clk 0:13:32]} 20. Bh6 {[%clk 0:30:26]} Nb7 {[%clk 0:09:20]} 21. Bxg7
{[%clk 0:26:59]} Kxg7 {[%clk 0:09:49]} 22. Qe3 {[%clk 0:26:39]} Nbd6
{[%clk 0:06:42]} 23. f3 {[%clk 0:26:00]} h5 {[%clk 0:04:58]} 24. Ne5
{[%clk 0:22:55]} Nf6 {[%clk 0:03:14]} 25. Qxa7 {[%clk 0:22:33]} Qc8
{[%clk 0:03:34]} 26. Qc5 {[%clk 0:18:02]} Qb8 {[%clk 0:02:49]} 27. Qb6
{[%clk 0:18:18]} Bb7 {[%clk 0:01:27]} 28. Nc4 {[%clk 0:16:08]} Nxc4
{[%clk 0:01:03]} 29. Bxc4 {[%clk 0:14:46]} d6 {[%clk 0:00:44]} 30. Nc3
{[%clk 0:15:09]} Qa8 {[%clk 0:01:00]} 31. a4 {[%clk 0:11:06]} h4 {[%clk 0:01:10]}
32. h3 {[%clk 0:10:36]} Rb8 {[%clk 0:00:38]} 33. Qd4 {[%clk 0:10:07]} Qa5
{[%clk 0:01:04]} 34. Nd5 {[%clk 0:04:25]} Bxd5 {[%clk 0:00:38]} 35. Bxd5
{[%clk 0:04:53]} e5 {[%clk 0:00:34]} 36. Qd2 {[%clk 0:04:20]} Qb6+
{[%clk 0:00:31]} 37. Qf2 {[%clk 0:04:41]} Qc7 {[%clk 0:00:31]} 38. Bc6
{[%clk 0:04:53]} d5 {[%clk 0:00:42]} 39. b4 {[%clk 0:03:26]} e4 {[%clk 0:00:48]}
40. a5 {[%clk 0:33:33]} exf3 {[%clk 0:30:52]} 41. Qxf3 {[%clk 0:33:15]} Rh8
{[%clk 0:28:04]} 42. Rf1 {[%clk 0:30:48]} 1-0

[Event "ureki2015"]
[Site "?"]
[Date "2015.10.07"]
[Round "3.14"]
[White "Kobakhidze, Irakli"]
[Black "Gagunashvili, Merab"]
[Result "0-1"]
[LiveChessVersion "1.3.1"]
[BlackElo "2553"]
[WhiteElo "1511"]

1. e4 {[%clk 1:30:58]} c5 {[%clk 1:30:49]} 2. Nf3 {[%clk 1:31:18]} Nc6
{[%clk 1:31:13]} 3. c3 {[%clk 1:31:14]} d5 {[%clk 1:31:34]} 4. exd5
{[%clk 1:31:18]} Qxd5 {[%clk 1:31:59]} 5. Be2 {[%clk 1:29:55]} e5
{[%clk 1:32:17]} 6. d3 {[%clk 1:30:16]} Nf6 {[%clk 1:32:38]} 7. O-O
{[%clk 1:30:26]} Be7 {[%clk 1:32:55]} 8. h3 {[%clk 1:29:56]} O-O {[%clk 1:32:25]}
9. a4 {[%clk 1:30:02]} Bf5 {[%clk 1:32:46]} 10. Na3 {[%clk 1:23:11]} Rad8
{[%clk 1:32:53]} 11. Ne1 {[%clk 1:23:24]} Qe6 {[%clk 1:32:27]} 12. Be3
{[%clk 1:20:20]} Nd5 {[%clk 1:30:43]} 13. Qc2 {[%clk 1:19:03]} Qg6
{[%clk 1:30:37]} 14. g4 {[%clk 1:18:01]} h5 {[%clk 1:30:41]} 15. Kh1
{[%clk 1:16:35]} hxg4 {[%clk 1:31:05]} 16. Rg1 {[%clk 1:15:37]} Qh7
{[%clk 1:31:29]} 17. Rg3 {[%clk 1:15:24]} e4 {[%clk 1:31:53]} 18. Nc4
{[%clk 1:14:43]} Nxe3 {[%clk 1:31:55]} 19. Rxe3 {[%clk 1:12:40]} Bg5
{[%clk 1:32:21]} 20. dxe4 {[%clk 1:09:13]} Bxe3 {[%clk 1:32:48]} 21. exf5
{[%clk 1:09:08]} Qxh3+ {[%clk 1:33:13]} 22. Kg1 {[%clk 1:09:24]} Qg3+ 0-1

[Event "ureki2015"]
[Site "?"]
[Date "2015.10.07"]
[Round "3.15"]
[White "Sanikidze, Tornike"]
[Black "Petriashvili, Nikoloz"]
[Result "1-0"]
[LiveChessVersion "1.3.1"]
[BlackElo "2240"]
[WhiteElo "2527"]

1. d4 {[%clk 1:30:48]} c5 {[%clk 1:30:53]} 2. c3 {[%clk 1:24:56]} Nf6
{[%clk 1:28:42]} 3. Nf3 {[%clk 1:23:15]} e6 {[%clk 1:28:47]} 4. Bf4
{[%clk 1:22:46]} Nc6 {[%clk 1:27:46]} 5. e3 {[%clk 1:22:43]} d5 {[%clk 1:28:10]}
6. Nbd2 {[%clk 1:21:41]} Be7 {[%clk 1:27:50]} 7. h3 {[%clk 1:21:29]} O-O
{[%clk 1:28:06]} 8. Bd3 {[%clk 1:21:53]} b6 {[%clk 1:24:53]} 9. O-O
{[%clk 1:21:57]} Bb7 {[%clk 1:24:28]} 10. Bh2 {[%clk 1:09:26]} Bd6
{[%clk 1:19:13]} 11. Ne5 {[%clk 1:09:00]} Qc7 {[%clk 1:19:11]} 12. f4
{[%clk 1:06:59]} Nd7 {[%clk 1:11:08]} 13. g4 {[%clk 1:02:15]} f6 {[%clk 1:10:30]}
14. Nxd7 {[%clk 0:52:33]} Qxd7 {[%clk 1:10:49]} 15. Nf3 {[%clk 0:52:38]} Qe7
{[%clk 1:06:31]} 16. Bc2 {[%clk 0:31:19]} g6 {[%clk 1:03:03]} 17. Bg3
{[%clk 0:29:07]} Kg7 {[%clk 0:59:35]} 18. Bh4 {[%clk 0:27:48]} Qc7
{[%clk 0:58:35]} 19. g5 {[%clk 0:26:48]} f5 {[%clk 0:58:21]} 20. Be1
{[%clk 0:25:31]} cxd4 {[%clk 0:54:16]} 21. cxd4 {[%clk 0:25:38]} Ba6
{[%clk 0:53:50]} 22. Rf2 {[%clk 0:25:34]} Rac8 {[%clk 0:51:12]} 23. h4
{[%clk 0:19:49]} Rh8 {[%clk 0:47:57]} 24. h5 {[%clk 0:18:00]} h6 {[%clk 0:40:25]}
25. Rg2 {[%clk 0:15:38]} Be7 {[%clk 0:25:23]} 26. Nh4 {[%clk 0:05:59]} hxg5
{[%clk 0:18:36]} 27. Nxg6 {[%clk 0:06:25]} g4 {[%clk 0:17:49]} 28. Nxh8
{[%clk 0:06:36]} Kxh8 {[%clk 0:17:00]} 29. Ba4 {[%clk 0:01:30]} b5
{[%clk 0:15:11]} 30. Bb3 {[%clk 0:01:58]} Qd7 {[%clk 0:14:00]} 31. Qd3
{[%clk 0:01:41]} Nb4 {[%clk 0:13:41]} 32. Bxb4 {[%clk 0:01:22]} Bxb4
{[%clk 0:14:02]} 33. Rc2 {[%clk 0:01:11]} Rg8 {[%clk 0:11:50]} 34. Rac1
{[%clk 0:01:22]} Bd6 {[%clk 0:12:10]} 35. Qc3 {[%clk 0:00:58]} b4
{[%clk 0:11:05]} 36. Qc6 {[%clk 0:00:58]} Bb5 {[%clk 0:11:24]} 37. Qxd7
{[%clk 0:01:19]} Bxd7 {[%clk 0:11:53]} 38. Rd2 {[%clk 0:00:35]} Kg7
{[%clk 0:11:45]} 39. Rdc2 {[%clk 0:00:55]} Kh6 {[%clk 0:10:58]} 40. Kg2
{[%clk 0:30:38]} a5 {[%clk 0:40:42]} 41. Rd2 {[%clk 0:28:03]} a4 {[%clk 0:33:46]}
42. Bd1 {[%clk 0:28:17]} Ra8 {[%clk 0:28:00]} 43. Be2 {[%clk 0:27:21]} Ra7
{[%clk 0:26:25]} 44. Rdc2 {[%clk 0:27:17]} Ra8 {[%clk 0:25:53]} 45. Rc6
{[%clk 0:07:40]} Bxc6 {[%clk 0:25:05]} 46. Rxc6 {[%clk 0:08:07]} Rd8
{[%clk 0:22:52]} 47. Ba6 {[%clk 0:08:21]} Kg7 {[%clk 0:14:51]} 48. h6+
{[%clk 0:08:44]} Kxh6 {[%clk 0:13:01]} 49. Bc8 {[%clk 0:09:03]} Kg6
{[%clk 0:12:08]} 50. Bxe6 {[%clk 0:09:28]} Kf6 {[%clk 0:12:00]} 51. Bc8
{[%clk 0:07:08]} a3 {[%clk 0:11:58]} 52. b3 {[%clk 0:06:50]} Kg6 {[%clk 0:11:46]}
53. Kf2 {[%clk 0:03:30]} Kf6 {[%clk 0:11:44]} 54. Kg3 {[%clk 0:03:53]} Kg6
{[%clk 0:11:50]} 55. Be6 {[%clk 0:03:54]} Kf6 {[%clk 0:11:59]} 56. Bxd5
{[%clk 0:04:21]} Ke7 {[%clk 0:12:14]} 57. Bg2 {[%clk 0:04:42]} Kd7
{[%clk 0:11:49]} 58. Rc2 {[%clk 0:05:00]} Rc8 {[%clk 0:10:37]} 59. Rxc8
{[%clk 0:03:44]} Kxc8 {[%clk 0:11:03]} 60. e4 {[%clk 0:03:52]} fxe4
{[%clk 0:11:06]} 61. Bxe4 {[%clk 0:04:17]} Kd7 {[%clk 0:10:56]} 62. Kxg4
{[%clk 0:04:26]} Bf8 {[%clk 0:09:27]} 63. Kg5 {[%clk 0:02:44]} Bg7
{[%clk 0:09:49]} 64. d5 {[%clk 0:03:13]} Bc3 {[%clk 0:09:57]} 65. f5
{[%clk 0:03:28]} Ke7 {[%clk 0:10:17]} 66. Kg6 {[%clk 0:03:53]} Be5
{[%clk 0:09:36]} 67. Bd3 {[%clk 0:04:19]} Kd6 {[%clk 0:09:22]} 68. Bc4
{[%clk 0:04:43]} Ke7 {[%clk 0:09:38]} 69. f6+ {[%clk 0:05:02]} Kf8
{[%clk 0:09:16]} 70. Kf5 {[%clk 0:05:27]} Bc7 {[%clk 0:09:19]} 71. Ke6
{[%clk 0:05:47]} Bd8 {[%clk 0:09:15]} 72. d6 {[%clk 0:06:07]} Ba5
{[%clk 0:09:24]} 73. Kd7 {[%clk 0:06:25]} Bd8 {[%clk 0:09:36]} 74. f7
{[%clk 0:06:49]} Ba5 {[%clk 0:09:49]} 75. Kc8 {[%clk 0:07:14]} Bb6
{[%clk 0:09:47]} 76. d7 {[%clk 0:07:38]} 1-0